Evolution and modififation of behavior (Record no. 372497)

000 -LEADER
fixed length control field 00366cam a22001337a 4500
008 - FIXED-LENGTH DATA ELEMENTS--GENERAL INFORMATION
fixed length control field 180718b1966 xxu||||| |||| 00| 0 eng d
082 ## - DEWEY DECIMAL CLASSIFICATION NUMBER
Classification number K951943 L887
100 ## - MAIN ENTRY--PERSONAL NAME
Personal name Lorenz, Konard
245 ## - TITLE STATEMENT
Title Evolution and modififation of behavior
Statement of responsibility, etc. by Konard Lorenz
260 ## - PUBLICATION, DISTRIBUTION, ETC.
Place of publication, distribution, etc. London
Name of publisher, distributor, etc. Methuen
Date of publication, distribution, etc. 1966
300 ## - PHYSICAL DESCRIPTION
Extent 121p.
500 ## - GENERAL NOTE
General note 25/-
650 ## - SUBJECT ADDED ENTRY--TOPICAL TERM
Topical term or geographic name entry element Behaviourism (Psychology )
Holdings
Withdrawn status Lost status Damaged status Not for loan Permanent Location Current Location Date acquired Full call number Barcode Date last seen Price effective from Koha item type
        Indian Institute of Public Administration Indian Institute of Public Administration 1994-06-16 K951943 L887 39516 2018-07-21 2018-07-21 Book

Powered by Koha